000 00333nam a22001457a 4500
008 210607b ||||| |||| 00| 0 eng d
020 _a9781587200038
041 _aeng
080 _a37
082 _a37
100 _a46
101 _aEDU
245 _aCCNP Remote Access Exam Certification Guide
_cBrian Morgan
942 _2udc
_cBK
999 _c58021
_d58021